01067nam a2200313 a 450000100060000000300080000600500170001400800410003102000150007202000220008703500190010904000320012804100080016008200250016810000310019324500830022426000310030730000350033850000200037350400300039365000210042365000230044465000230046770000310049083000350052194200120055699900170056895201680058569623BD-RjUL20211209081917.0170412s1987 nyua b 001 0 eng  a0471859745 a0471848166 (pbk.) a(BD-RjUL)69835 aDLCcDLCdDLCdBD-RjULbeng aeng00a523.01223bSPS 19871 aSpielberg, Nathan.920622410aSeven ideas that shook the universe /cNathan Spielberg and Bryon D. Anderson. aNew York :bWiley,cc1987. aviii, 263 p. :bill. ;c24 cm. aIncludes index. aBibliography: p. 249-255. 0aPhysics.9206226 0aMechanics.9206227 0aAstronomy.92062281 aAnderson, Bryon D.9206229 aWiley science editions9206225 2ddccBK c69623d69623 00102ddc40718NFICaRUCLbRUCLcReadingd1994-08-14eDhaka, Ahsania mission book dis. home.g16.95l0o523.01 SPS 1987r2017-04-12 00:00:00tC-1w2017-04-12yBK